Noise and vibration control on construction and open sites. Code of practice applicable to surface mineral extraction (except coal) sites (Record no. 102028)
[ view plain ]
| 000 -LEADER | |
|---|---|
| fixed length control field | 00503cam a2200145 4500 |
| 008 - FIXED-LENGTH DATA ELEMENTS--GENERAL INFORMATION | |
| fixed length control field | 020419n1997 000 0 eng u |
| 020 ## - INTERNATIONAL STANDARD BOOK NUMBER | |
| International Standard Book Number | 0580283062 |
| 035 ## - SYSTEM CONTROL NUMBER | |
| System control number | (Sirsi) u117584 |
| 110 ## - MAIN ENTRY--CORPORATE NAME | |
| Corporate name or jurisdiction name as entry element | British Standards Institution |
| 9 (RLIN) | 130 |
| 245 ## - TITLE STATEMENT | |
| Title | Noise and vibration control on construction and open sites. Code of practice applicable to surface mineral extraction (except coal) sites |
| 260 ## - PUBLICATION, DISTRIBUTION, ETC. | |
| Place of publication, distribution, etc. | London |
| Name of publisher, distributor, etc. | British Standards Institution |
| Date of publication, distribution, etc. | 1997 |
| 350 ## - PRICE (NR) (BK AM CF MU VM SE) [OBSOLETE] | |
| Price | 52 |
| 490 ## - SERIES STATEMENT | |
| Series statement | BS |
| Volume/sequential designation | 5228-5:1997 |
| 942 ## - ADDED ENTRY ELEMENTS (KOHA) | |
| Suppress in OPAC | 0 |
No items available.